| 000 | 00822nam a2200193 a 4500 | ||
|---|---|---|---|
| 001 | ASINB000SIGX6Y | ||
| 005 | 20170105102930.0 | ||
| 008 | 140204s1983 xxu eng d | ||
| 040 | _a0 | ||
| 082 |
_a341.67 _bBAS 1983 |
||
| 100 | 1 | _aCross, International Committee of the Red. | |
| 245 | 0 | 0 |
_aBasic rules of the geneva conventions and their additional protocols / _cInternational Committee of the Red Cross. |
| 260 |
_a[S.l.] : _bInternational Committee of the Red Cross, _c1983. |
||
| 300 |
_a63 p. ; _c23 cm. |
||
| 520 | _aA handy resume of the basic rules of humanitarian law. | ||
| 610 | _tProvisions common to the four Conventions an to Protocol I, Protection of the wounded, sick and shipwrecked | ||
| 856 | 4 | 0 |
_3Amazon.com _uhttp://www.amazon.com/exec/obidos/ASIN/B000SIGX6Y/chopaconline-20 |
| 942 |
_2ddc _cBK |
||
| 999 |
_c16027 _d16027 |
||